Greek Gods by Their Percy Jackson Demigod Children - Statistics

General Stats
  • This quiz has been taken 417 times
  • The average score is 16 of 20
Answer Stats
Hint Answer % Correct
Annabeth Chase Athena
99%
Percy Jackson Poseidon
99%
Nico di Angelo Hades
97%
Thalia Grace Zeus
96%
Luke Castellan Hermes
95%
Clarisse La Rue Ares
94%
Piper McLean Aphrodite
89%
Bianca di Angelo Hades
89%
Silena Beauregard Aphrodite
86%
Will Solace Apollo
86%
Leo Valdez Hephaestus
85%
Travis & Connor Stoll Hermes
83%
Charles Beckendorf Hephaestus
81%
Katie Gardener Demeter
74%
Ethan Nakamura Nemesis
72%
Lee Fletcher Apollo
71%
Chris Rodriguez Hermes
68%
Michael Yew Apollo
65%
Castor Dionysus
64%
Jake Myson Hephaestus
49%
No matching quizzes found
Score Distribution
Percent of People with Each Score
Percentile by Number Answered
Your Score History
You have not taken this quiz